Finančná analýza vybraného podniku diplomová práca

Guardado en:
Detalles Bibliográficos
Autor principal: Čerňanská, Kristína
Autor Corporativo: Fakulta podnikového manažmentu EU. Katedra podnikových financií
Otros Autores: Tučníková, Daniela
Formato: Libro
Lenguaje:eslovaco
Publicado: Bratislava 2017
Etiquetas: Agregar Etiqueta
Sin Etiquetas, Sea el primero en etiquetar este registro!

MARC

LEADER 00000nbm a2200000 4500
001 0232208
005 20171018101010.0
041 0 |a slo 
044 |a SK 
245 1 0 |a Finančná analýza vybraného podniku  |b diplomová práca  |c Kristína Čerňanská ; školiteľ: Daniela Tučníková 
264 1 |a Bratislava  |c 2017 
300 |a 96 s. 
100 1 |a Čerňanská, Kristína 
700 1 |a Tučníková, Daniela 
710 2 |a Fakulta podnikového manažmentu EU. Katedra podnikových financií